<?xml version="1.0" encoding="UTF-8"?>
<collection xmlns="http://www.loc.gov/MARC21/slim">
 <record>
  <leader>00724nam a2200181   4500</leader>
  <controlfield tag="001">1/21488</controlfield>
  <controlfield tag="008">981005suuuu    gr       d     001  gre  </controlfield>
  <datafield tag="035" ind1=" " ind2=" ">
   <subfield code="l">22146</subfield>
  </datafield>
  <datafield tag="040" ind1=" " ind2=" ">
   <subfield code="a">GR-PeUP</subfield>
  </datafield>
  <datafield tag="082" ind1="0" ind2="0">
   <subfield code="a">423.89'03 ΑΓ</subfield>
  </datafield>
  <datafield tag="090" ind1=" " ind2=" ">
   <subfield code="a">R 423.89'03 ΑΓ</subfield>
  </datafield>
  <datafield tag="245" ind1="0" ind2="0">
   <subfield code="a">Αγγλο-ελληνικόν λεξικόν /</subfield>
   <subfield code="c">επιμ. Νικόλαος Λίγγρης.</subfield>
  </datafield>
  <datafield tag="260" ind1=" " ind2=" ">
   <subfield code="a">Αθήναι:</subfield>
   <subfield code="b">Hellenews-Παιδεία</subfield>
  </datafield>
  <datafield tag="300" ind1=" " ind2=" ">
   <subfield code="a">925σ. ;</subfield>
   <subfield code="c">18εκ.</subfield>
  </datafield>
  <datafield tag="650" ind1=" " ind2="4">
   <subfield code="a">Ελληνική γλώσσα, Νέα</subfield>
   <subfield code="x">Λεξικά.</subfield>
  </datafield>
  <datafield tag="650" ind1=" " ind2="4">
   <subfield code="a">Αγγλική γλώσσα</subfield>
   <subfield code="x">Λεξικά.</subfield>
  </datafield>
  <datafield tag="700" ind1="1" ind2=" ">
   <subfield code="a">Λίγγρης, Νίκος,</subfield>
   <subfield code="e">επιμ.</subfield>
  </datafield>
  <datafield tag="852" ind1=" " ind2=" ">
   <subfield code="a">INST</subfield>
   <subfield code="b">UNIPILB</subfield>
   <subfield code="c">REF</subfield>
   <subfield code="e">20040709</subfield>
   <subfield code="h">423.89'03 ΑΓ</subfield>
   <subfield code="p">00106438</subfield>
   <subfield code="q">00106438</subfield>
   <subfield code="t">NOLOAN</subfield>
   <subfield code="y">4</subfield>
   <subfield code="x">20090817</subfield>
   <subfield code="4">1</subfield>
  </datafield>
 </record>
</collection>
